00807nam a2200241Ia 4500003000900000005001700009008004100026040001300067040001300080041000800093100002400101245010900125250001100234260001300245260000900258300001100267300001200278490003500290490000600325942001200331999001700343952020500360IT-RoPAU20220918175845.0120407s9999 xx 000 0 und d aIT-RoPAU cIT-RoPAU aita aTertullianus934595 aLes spectacles. (de spectaculis). Intr., texte, trad. et commentaire de Marie Turcan (latino - francese) aParis  aDu Cerf  c1986 a367 p. c19,5 cm a (Sources Chrè€tiennes, 332). v1 cBK2ddc c33497d33497 00102ddc406276_800000000000000_333271aPAULUSbPAULUSd2012-04-11l0o276.8.3332r2012-04-11 00:00:00w2012-04-11yBKzInserito da: Anna In data: 05 ottobre 2011 fondo: Via A.Severo 56 Progr:24210